|
|
|
|
| LEADER |
00000nas a2200000 i 4500 |
| 001 |
ssj0000601273 |
| 003 |
WaSeSS |
| 005 |
20200512172242.0 |
| 006 |
m d |
| 007 |
cr n |
| 008 |
010424u2000uuuubl tr p s 0 0por c |
| 010 |
|
|
|a 2002248167
|
| 015 |
|
|
|a 022771042
|2 dnb
|
| 016 |
7 |
|
|a 022771042
|2 DE-101
|
| 016 |
7 |
|
|a 2061278-3
|2 DE-600
|
| 022 |
|
|
|l 1519-3861
|y 1519-3861
|
| 035 |
|
|
|a (WaSeSS)ssj0000601273
|
| 040 |
|
|
|a EL$
|b eng
|c EL$
|d NYP
|d OCLCQ
|d DLC
|d NLGGC
|d OCLCQ
|d GBVCP
|d DLC
|d OCLCQ
|d OCLCF
|d OCLCO
|d FUG
|d WaSeSS
|
| 041 |
0 |
|
|a por
|b eng
|b spa
|
| 042 |
|
|
|a pcc
|
| 043 |
|
|
|a cl-----
|
| 050 |
0 |
0 |
|a F1401
|b .E836
|
| 082 |
0 |
|
|a 980.05
|b E82
|
| 245 |
0 |
0 |
|a História unisinos
|h [electronic resource].
|
| 260 |
|
|
|a São Leopoldo, RS, Brasil :
|b UNISINOS,
|c 2000-
|
| 310 |
|
|
|a Three times a year,
|b <2006>-
|
| 321 |
|
|
|a Semiannual,
|b 2000-
|
| 362 |
0 |
|
|a Vol. 4, no. 2 (julho/dez. 2000)-
|
| 500 |
|
|
|a "Revista do Programa de Pós-Graduação em Historía da Universidade do Vale do Rio dos Sinos"
|
| 506 |
|
|
|a License restrictions may limit access.
|
| 546 |
|
|
|a Text in Portuguese; summaries in Portuguese, English or Spanish.
|
| 588 |
|
|
|a Latest issue consulted: Vol. 13, no.3 (setembro/dezembro de 2009)
|
| 650 |
|
7 |
|a Emigration and immigration.
|2 fast
|0 (OCoLC)fst00908690
|
| 651 |
|
0 |
|a Latin America
|x History
|v Periodicals.
|
| 651 |
|
0 |
|a Latin America
|x Emigration and immigration
|v Periodicals.
|
| 651 |
|
7 |
|a Latin America.
|2 fast
|0 (OCoLC)fst01245945
|
| 655 |
|
0 |
|a Electronic journals.
|
| 710 |
2 |
|
|a Universidade do Vale do Rio dos Sinos.
|b Programa de Pós-Graduação em História.
|
| 780 |
0 |
0 |
|t Estudos leopoldenses. Série história
|w (DLC)sn 98017956
|w (OCoLC)37978294
|
| 856 |
4 |
0 |
|z Full text available from Research Library: 01/01/2011 to present
|u https://search.proquest.com/publication/2040957
|